Geography Quiz

Random Geography or State Quiz

2-Word US States (Picture Click) Quiz Stats

Quiz not verified by Sporcle

Score 0/10 Timer 01:30
6 Plays Today
% Correct
North Dakota
96.9%
South Dakota
96.6%
North Carolina
96.1%
South Carolina
95.2%
New York
94.9%
New Mexico
92.1%
West Virginia
91%
New Jersey
89.7%
New Hampshire
88.6%
Rhode Island
82.6%

You're not logged in!

Compare scores with friends on all Sporcle quizzes.
Sign Up with Email
OR
Log In

You Might Also Like...

Show Comments

Extras

Top Quizzes Today


Score Distribution

Your Account Isn't Verified!

In order to create a playlist on Sporcle, you need to verify the email address you used during registration. Go to your Sporcle Settings to finish the process.